Ιστορία της Ποντικής Τραπεζούντας : από τα αρχαιότατα χρόνια μέχρι σήμερα (756π.χ.-1897)
Αποθηκεύτηκε σε:
| Κύριος συγγραφέας: | |
|---|---|
| Άλλοι συγγραφείς: | |
| Μορφή: | Βιβλίο |
| Γλώσσα: | Greek |
| Δημοσίευση: |
Θεσσαλονίκη :
Κυριακίδη,
1994
|
| Θέματα: | |
| Ετικέτες: |
Προσθήκη ετικέτας
Δεν υπάρχουν, Καταχωρήστε ετικέτα πρώτοι!
|
MARC
| LEADER | 00000cam a2200000 i 4500 | ||
|---|---|---|---|
| 001 | 1/98884 | ||
| 008 | 950321s1994 gr | ||| |||| ||gre|| | ||
| 020 | |a 9603432466 | ||
| 035 | |l 10011095 | ||
| 040 | |a GR-MY-UA |b gre |e aacr | ||
| 041 | 0 | |a gre | |
| 082 | 0 | |a 938.993 | |
| 100 | 1 | |a Ευαγγελίδης, Τρύφων, |d 1863-1941. | |
| 245 | 1 | 0 | |a Ιστορία της Ποντικής Τραπεζούντας : |b από τα αρχαιότατα χρόνια μέχρι σήμερα (756π.χ.-1897) / |c Τρύφωνας Ε. Ευαγγελίδης ; Εισαγωγή-σχόλια: Κώστας Φωτιάδης ; Μεταγλώττιση Αριστείδης Κεσόπουλος |
| 260 | |a Θεσσαλονίκη : |b Κυριακίδη, |c 1994 | ||
| 300 | |a 377 σ. | ||
| 504 | |a Βιβλιογραφία: σ.358-360. Περιέχει ευρετήριο: σ.373-377 | ||
| 651 | 0 | |a Trabzon (Turkey) |x Histrory. | |
| 700 | 1 | |4 trl |a Κεσόπουλος, Αριστείδης. | |
| 852 | |a INST |b LESVOS |e 19950321 |h 938.993 ΕΥΑ |p 005100002171 |q 005100002171 |t BK |y 0 | ||
| 909 | |a Λ |b 036606 | ||
| 922 | |a 1ΔΩΡ |b 199409 |c ΤΚΑ | ||